| 000 | 00672nam a2200217 a 4500 | ||
|---|---|---|---|
| 001 | 000021934 | ||
| 005 | 20200930011518.0 | ||
| 008 | 100914s1973 sp r 000 0 spa d | ||
| 020 | _a8471561409 | ||
| 040 |
_aDO-SdBNP _bspa _cBNPHU |
||
| 082 |
_aNNN _bS942R, 1973 |
||
| 100 | 1 |
_aRumazo González, Alfonso, _d1903-2002. _945516 |
|
| 245 | 1 | 0 |
_aSucre : _bGran mariscal de ayacucho / _cAlfonso Rumazo González. |
| 250 | _a4a ed. | ||
| 260 |
_aMadrid : _bMediterráneo, _c1973. |
||
| 300 |
_a267, [5] p. ; _c19 cm. |
||
| 490 | 1 |
_aEdime _v57 |
|
| 500 | _aIncluye notas y referencias bibliográficas al pie de las páginas | ||
| 830 | 0 |
_aEdime ; _v57 _912783 |
|
| 049 | _aBNGR | ||
| 999 |
_c21432 _d21432 |
||